Enfoque dinámico en torno al desarrollo rural

محفوظ في:
التفاصيل البيبلوغرافية
المؤلف الرئيسي: Walker Brown, Alfredo
التنسيق: نص
منشور في: Heredia: Universidad Nacional
الوسوم: إضافة وسم
لا توجد وسوم, كن أول من يضع وسما على هذه التسجيلة!

MARC

LEADER 00000 a a2200000 04500
001 21223
003
040 |a CRAI/IIS  |c CRAI/IIS 
090 |a 092600  
100 |a Walker Brown, Alfredo  
245 |a Enfoque dinámico en torno al desarrollo rural  
260 |a Heredia:   |b Universidad Nacional  
300 |a 9 p.  
999 |c 11437  |d 11437